Jak dobrze znasz postacie ze ŚmiecieVlog? - Statystyki

Ogólne statystyki
  • Ten quiz został rozwiązany 7 razy
  • Średni wynik to 5 z 9
Statystyki odpowiedzi
Opis Postać % Poprawnych
Protagonista, łysy wnuk, żyje w domu z dziadkiem i kuratorem, znalazł chwilową pracę w cyrku Jan Śmieć
100%
Była żona kuratora, posiada rude włosy, została poczęstowana zatrutą wodą w jednym z odcinków Izabela Cichocka Pająk
83%
Pan w podeszłym wieku poruszający się na wózku, za jego sprawą spaliło się mieszkanie bohaterów Jan Aleksander Śmieć
83%
Kurator na skraju zarobkowym, postawiono mu warunek, że jeśli zrezygnuje ze współpracy z rodziną o specjalnych potrzebach, może opuścić pracę Marek Cichocki
83%
Duchowny z pobliskiej parafii, wkręcono go w handel narkotykami Ksiądz Tomek
67%
[*] Syn najstarszego bohatera serialu, zginął w pożarze Aleksander Śmieć
50%
"Stróż" osiedlowy, miał romans z jedyną żywą postacią płci żeńskiej Pan Sikora
33%
[*] Żona syna najstarszego bohatera serialu, zginęła w pożarze Helena Śmieć
17%
Zrzucił ze schodów studenta muzykologii za podejrzenie plagiatu jego twórczości, przez co do końca życia poruszał się na wózku, znane jest tylko nazwisko Karnicki
17%
Nie znaleziono quizów pasujących do podanych kryteriów
Rozkład punktacji
Procent ludzi z każdym wynikiem
Percentyl według liczby udzielonych odpowiedzi
Twoja historia wyników
Nie rozwiązałeś tego quizu